Estatísticas para Países mais próximos da Estônia

Clique aqui para jogar o quiz

Estatísticas Gerais

  • Esse quiz foi jogado 110 vezes
  • A pontuação média é 17 de 20

Estatísticas das Respostas

kmpaís% Correto
0Rússia
100%
0Letónia
97%
150Suécia
97%
47Finlândia
96%
152Lituânia
96%
396Polônia
94%
622Ucrânia
94%
554Noruega
93%
157Bielorrússia
92%
636Alemanha
89%
523Dinamarca
87%
939Eslováquia
87%
1041Hungria
87%
1030Romênia
83%
1076Áustria
82%
1013Moldávia
78%
1288Eslovénia
74%
1067Países Baixos
62%
1283Bélgica
58%
890Chéquia
54%

Distribuição das Pontuações

Percentil de Números Respondidos

Porcentagem de Pessoas com Cada Pontuação

Sua Pontuação Histórica

Você não jogou esse quiz